Pays les plus proches de la Gambie - Sprint d'une minute - Statistiques

Statistiques générales
  • Ce quiz a été pris 125 fois
  • Le résultat moyen est 15 sur 20
Statistiques - réponses
km pays % Correct
0 Sénégal
97%
189 Mali
92%
1584 Algérie
91%
1357 Maroc
91%
1511 Niger
88%
74 Guinée
87%
721 Côte d'Ivoire
85%
61 Guinée-Bissau
84%
413 Sierra Leone
83%
1505 Togo
82%
940 Burkina Faso
81%
1615 Bénin
80%
665 Liberia
80%
1868 Nigeria
80%
214 Mauritanie
78%
1221 Ghana
77%
700 Cabo Verde
65%
1548 Espagne
37%
2099 Portugal
28%
799 Sahara occidental
13%
Aucun quiz correspondant
Distribution des résultats
% des personnes avec chaque résultat
Percentile par nombre de réponses
Votre historique - résultats
Vous n’avez pas pris ce quiz